Podiums comparés (5) JO Tokyo / JO Paris par discipline - Statistiques

Statistiques générales
  • Ce quiz a été pris 8 fois
  • Le résultat moyen est 410 sur 462
Statistiques - réponses
Discipline Réponse % Correct
Paris Football Bronze Allemagne F
100%
Paris Golf Argent Allemagne F
100%
Paris Judo - Moins de 70 kg Argent Allemagne F
100%
Paris Natation - 1500 m nage libre Bronze Allemagne F
100%
Tokyo Lutte - Moins de 76 kg Or Allemagne F
100%
Tokyo Natation - 1500 m nage libre Bronze Allemagne F
100%
Tokyo Plongeon - Tremplin à 3 m synchronisé Bronze Allemagne F
100%
Tokyo Tir à l'arc - Par équipes Bronze Allemagne F
100%
Tokyo Voile - 49er FX Argent Allemagne F
100%
Paris Natation - 10 km en eau libre Argent Australie F
100%
Paris Natation - 100 m dos Or Australie F
100%
Paris Natation - 200 m 4 nages Bronze Australie F
100%
Paris Natation - 200 m dos Or Australie F
100%
Paris Natation - 200 m nage libre Or Australie F
100%
Paris Natation - 200 m nage libre Argent Australie F
100%
Paris Natation - 4 x 100 m 4 nages Argent Australie F
100%
Paris Natation - 4 x 100 m nage libre Or Australie F
100%
Paris Natation - 4 x 200 m nage libre Or Australie F
100%
Paris Natation - 400 m nage libre Or Australie F
100%
Paris Natation - 50 m nage libre Argent Australie F
100%
Paris Natation - 800 m nage libre Argent Australie F
100%
Paris Plongeon - Tremplin à 3 m Argent Australie F
100%
Paris Skateboard - Park Or Australie F
100%
Paris Tir - Fusil de chasse - Fosse olympique Bronze Australie F
100%
Paris Water-polo Argent Australie F
100%
Tokyo Natation - 10 km en eau libre Bronze Australie F
100%
Tokyo Natation - 100 m dos Or Australie F
100%
Tokyo Natation - 100 m nage libre Or Australie F
100%
Tokyo Natation - 100 m nage libre Bronze Australie F
100%
Tokyo Natation - 100 m papillon Bronze Australie F
100%
Tokyo Natation - 200 m dos Or Australie F
100%
Tokyo Natation - 200 m dos Bronze Australie F
100%
Tokyo Natation - 200 m nage libre Or Australie F
100%
Tokyo Natation - 4 x 100 m 4 nages Or Australie F
100%
Tokyo Natation - 4 x 100 m nage libre Or Australie F
100%
Tokyo Natation - 4 x 200 m nage libre Bronze Australie F
100%
Tokyo Natation - 400 m nage libre Or Australie F
100%
Tokyo Natation - 50 m nage libre Or Australie F
100%
Tokyo Natation - 800 m nage libre Argent Australie F
100%
Tokyo Plongeon - Haut-vol à 10 m Bronze Australie F
100%
Paris Judo - Moins de 70 kg Bronze Autriche | Belgique F
100%
Tokyo Lutte - Moins de 50 kg Bronze Azerbaïdjan | Etats-Unis F
100%
Tokyo Judo - Plus de 78 kg Bronze Azerbaïdjan | France F
100%
Paris Football Argent Brésil F
100%
Paris Gymnastique artistique - Concours général individuel Argent Brésil F
100%
Paris Gymnastique artistique - Concours général par équipes Bronze Brésil F
100%
Paris Gymnastique artistique - Saut de cheval Argent Brésil F
100%
Paris Gymnastique artistique - Sol Or Brésil F
100%
Paris Judo - Plus de 78 kg Or Brésil F
100%
Paris Skateboard - Street Bronze Brésil F
100%
Paris Surf - Shortboard Argent Brésil F
100%
Paris Volley-ball Bronze Brésil F
100%
Tokyo Gymnastique artistique - Concours général individuel Argent Brésil F
100%
Tokyo Gymnastique artistique - Saut de cheval Or Brésil F
100%
Tokyo Natation - 10 km en eau libre Or Brésil F
100%
Tokyo Skateboard - Street Argent Brésil F
100%
Tokyo Tennis - Double Bronze Brésil F
100%
Tokyo Voile - 49er FX Or Brésil F
100%
Tokyo Volley-ball Argent Brésil F
100%
Tokyo Judo - Moins de 78 kg Bronze Brésil | Allemagne F
100%
Paris Judo - Moins de 52 kg Bronze Brésil | France F
100%
Paris Haltérophilie - Moins 59 kg Argent Canada F
100%
Paris Judo - Moins de 57 kg Or Canada F
100%
Paris Natation - 200 m 4 nages Or Canada F
100%
Paris Natation - 200 m dos Bronze Canada F
100%
Paris Natation - 200 m papillon Or Canada F
100%
Paris Natation - 400 m 4 nages Or Canada F
100%
Paris Natation - 400 m nage libre Argent Canada F
100%
Paris Rugby à VII Argent Canada F
100%
Paris Trampoline Bronze Canada F
100%
Tokyo Football Or Canada F
100%
Tokyo Natation - 100 m dos Argent Canada F
100%
Tokyo Natation - 100 m papillon Or Canada F
100%
Tokyo Natation - 200 m dos Argent Canada F
100%
Tokyo Natation - 200 m nage libre Bronze Canada F
100%
Tokyo Natation - 4 x 100 m 4 nages Bronze Canada F
100%
Tokyo Natation - 4 x 100 m nage libre Argent Canada F
100%
Tokyo Plongeon - Tremplin à 3 m synchronisé Argent Canada F
100%
Paris Taekwondo - Moins 57 kg Bronze Canada | Bulgarie F
100%
Tokyo Judo - Moins de 57 kg Bronze Canada | Japon F
100%
Paris Golf Bronze Chine F
100%
Paris Gymnastique artistique - Barres asymétriques Argent Chine F
100%
Paris Gymnastique artistique - Poutre Argent Chine F
100%
Paris Haltérophilie - Moins 49 kg Or Chine F
100%
Paris Haltérophilie - Moins 59 kg Or Chine F
100%
Paris Hockey-sur-gazon Argent Chine F
100%
Paris Natation - 100 m brasse Argent Chine F
100%
Paris Natation - 100 m papillon Bronze Chine F
100%
Paris Natation - 200 m papillon Bronze Chine F
100%
Paris Natation - 4 x 100 m 4 nages Bronze Chine F
100%
Paris Natation - 4 x 100 m nage libre Bronze Chine F
100%
Paris Natation - 4 x 200 m nage libre Bronze Chine F
100%
Paris Natation - 50 m nage libre Bronze Chine F
100%
Paris Natation artistique - Duo Or Chine F
100%
Paris Natation artistique - Par équipes Or Chine F
100%
Paris Plongeon - Haut-vol à 10 m Or Chine F
100%
Paris Plongeon - Haut-vol à 10 m Argent Chine F
100%
Paris Plongeon - Haut-vol à 10 m synchronisé Or Chine F
100%
Paris Plongeon - Tremplin à 3 m Or Chine F
100%
Paris Plongeon - Tremplin à 3 m Bronze Chine F
100%
Paris Plongeon - Tremplin à 3 m synchronisé Or Chine F
100%
Paris Taekwondo - Moins 49 kg Argent Chine F
100%
Paris Tennis - Simple Or Chine F
100%
Paris Tennis de table - Par équipes Or Chine F
100%
Paris Tennis de table - Simple Or Chine F
100%
Paris Tennis de table - Simple Argent Chine F
100%
Paris Tir - Carabine - 3 positions à 50 m Bronze Chine F
100%
Paris Tir - Carabine - Air comprimé à 10 m Argent Chine F
100%
Paris Tir à l'arc - Par équipes Argent Chine F
100%
Tokyo Gymnastique artistique - Poutre Or Chine F
100%
Tokyo Gymnastique artistique - Poutre Argent Chine F
100%
Tokyo Haltérophilie - Moins 49 kg Or Chine F
100%
Tokyo Lutte - Moins de 50 kg Argent Chine F
100%
Tokyo Lutte - Moins de 53 kg Argent Chine F
100%
Tokyo Natation - 100 m papillon Argent Chine F
100%
Tokyo Natation - 200 m papillon Or Chine F
100%
Tokyo Natation - 4 x 200 m nage libre Or Chine F
100%
Tokyo Natation - 400 m nage libre Bronze Chine F
100%
Tokyo Natation artistique - Duo Argent Chine F
100%
Tokyo Natation artistique - Par équipes Argent Chine F
100%
Tokyo Plongeon - Haut-vol à 10 m Or Chine F
100%
Tokyo Plongeon - Haut-vol à 10 m Argent Chine F
100%
Tokyo Plongeon - Haut-vol à 10 m synchronisé Or Chine F
100%
Tokyo Plongeon - Tremplin à 3 m Or Chine F
100%
Tokyo Plongeon - Tremplin à 3 m Argent Chine F
100%
Tokyo Plongeon - Tremplin à 3 m synchronisé Or Chine F
100%
Tokyo Tennis de table - Par équipes Or Chine F
100%
Tokyo Tennis de table - Simple Or Chine F
100%
Tokyo Tennis de table - Simple Argent Chine F
100%
Tokyo Tir - Carabine - Air comprimé à 10 m Or Chine F
100%
Tokyo Tir - Fusil de chasse - Skeet Bronze Chine F
100%
Tokyo Tir - Pistolet - à 25 m Bronze Chine F
100%
Tokyo Tir - Pistolet - Air comprimé à 10 m Bronze Chine F
100%
Tokyo Trampoline Or Chine F
100%
Tokyo Trampoline Argent Chine F
100%
Tokyo Voile - RS:X Or Chine F
100%
Paris Lutte - Moins de 53 kg Bronze Chine | Corée-du-Nord F
100%
Paris Lutte - Moins de 57 kg Bronze Chine | Etats-Unis F
100%
Paris Judo - Moins de 78 kg Bronze Chine | Portugal F
100%
Tokyo Lutte - Moins de 76 kg Bronze Chine | Turquie F
100%
Paris Judo - Moins de 57 kg Argent Corée-du-Sud F
100%
Paris Pentathlon moderne Bronze Corée-du-Sud F
100%
Paris Taekwondo - Moins 57 kg Or Corée-du-Sud F
100%
Paris Tennis de table - Par équipes Bronze Corée-du-Sud F
100%
Paris Tir - Carabine - Air comprimé à 10 m Or Corée-du-Sud F
100%
Paris Tir - Pistolet - à 25 m Or Corée-du-Sud F
100%
Paris Tir - Pistolet - Air comprimé à 10 m Or Corée-du-Sud F
100%
Paris Tir - Pistolet - Air comprimé à 10 m Argent Corée-du-Sud F
100%
Paris Tir à l'arc - Individuel Or Corée-du-Sud F
100%
Paris Tir à l'arc - Individuel Argent Corée-du-Sud F
100%
Paris Tir à l'arc - Par équipes Or Corée-du-Sud F
100%
Tokyo Gymnastique artistique - Saut de cheval Bronze Corée-du-Sud F
100%
Tokyo Taekwondo - Plus de 67 kg Argent Corée-du-Sud F
100%
Tokyo Tir - Pistolet - à 25 m Argent Corée-du-Sud F
100%
Tokyo Tir à l'arc - Individuel Or Corée-du-Sud F
100%
Tokyo Tir à l'arc - Par équipes Or Corée-du-Sud F
100%
Paris Judo - Plus de 78 kg Bronze Corée-du-Sud | France F
100%
Paris Taekwondo - Plus de 67 kg Bronze Corée-du-Sud | Turquie F
100%
Paris Natation artistique - Par équipes Bronze Espagne F
100%
Paris Tennis - Double Bronze Espagne F
100%
Paris Water-polo Or Espagne F
100%
Tokyo Taekwondo - Moins 49 kg Argent Espagne F
100%
Tokyo Water-polo Argent Espagne F
100%
Paris Football Or Etats-Unis F
100%
Paris Gymnastique artistique - Barres asymétriques Bronze Etats-Unis F
100%
Paris Gymnastique artistique - Concours général individuel Or Etats-Unis F
100%
Paris Gymnastique artistique - Concours général individuel Bronze Etats-Unis F
100%
Paris Gymnastique artistique - Concours général par équipes Or Etats-Unis F
100%
Paris Gymnastique artistique - Saut de cheval Or Etats-Unis F
100%
Paris Gymnastique artistique - Saut de cheval Bronze Etats-Unis F
100%
Paris Gymnastique artistique - Sol Argent Etats-Unis F
100%
Paris Gymnastique artistique - Sol Bronze Etats-Unis F
100%
Paris Lutte - Moins de 50 kg Or Etats-Unis F
100%
Paris Lutte - Moins de 68 kg Or Etats-Unis F
100%
Paris Lutte - Moins de 76 kg Argent Etats-Unis F
100%
Paris Natation - 100 m dos Argent Etats-Unis F
100%
Paris Natation - 100 m dos Bronze Etats-Unis F
100%
Paris Natation - 100 m nage libre Argent Etats-Unis F
100%
Paris Natation - 100 m papillon Or Etats-Unis F
100%
Paris Natation - 100 m papillon Argent Etats-Unis F
100%
Paris Natation - 1500 m nage libre Or Etats-Unis F
100%
Paris Natation - 200 m 4 nages Argent Etats-Unis F
100%
Paris Natation - 200 m brasse Or Etats-Unis F
100%
Paris Natation - 200 m dos Argent Etats-Unis F
100%
Paris Natation - 200 m papillon Argent Etats-Unis F
100%
Paris Natation - 4 x 100 m 4 nages Or Etats-Unis F
100%
Paris Natation - 4 x 100 m nage libre Argent Etats-Unis F
100%
Paris Natation - 4 x 200 m nage libre Argent Etats-Unis F
100%
Paris Natation - 400 m 4 nages Argent Etats-Unis F
100%
Paris Natation - 400 m 4 nages Bronze Etats-Unis F
100%
Paris Natation - 400 m nage libre Bronze Etats-Unis F
100%
Paris Natation - 800 m nage libre Or Etats-Unis F
100%
Paris Natation - 800 m nage libre Bronze Etats-Unis F
100%
Paris Natation artistique - Par équipes Argent Etats-Unis F
100%
Paris Plongeon - Tremplin à 3 m synchronisé Argent Etats-Unis F
100%
Paris Rugby à VII Bronze Etats-Unis F
100%
Paris Surf - Shortboard Or Etats-Unis F
100%
Paris Tir - Carabine - 3 positions à 50 m Argent Etats-Unis F
100%
Paris Tir - Fusil de chasse - Skeet Bronze Etats-Unis F
100%
Paris Volley-ball Argent Etats-Unis F
100%
Tokyo Football Bronze Etats-Unis F
100%
Tokyo Golf Or Etats-Unis F
100%
Tokyo Gymnastique artistique - Barres asymétriques Bronze Etats-Unis F
100%
Tokyo Gymnastique artistique - Concours général individuel Or Etats-Unis F
100%
Tokyo Gymnastique artistique - Concours général par équipes Argent Etats-Unis F
100%
Tokyo Gymnastique artistique - Poutre Bronze Etats-Unis F
100%
Tokyo Gymnastique artistique - Saut de cheval Argent Etats-Unis F
100%
Tokyo Gymnastique artistique - Sol Or Etats-Unis F
100%
Tokyo Lutte - Moins de 68 kg Or Etats-Unis F
100%
Tokyo Natation - 100 m brasse Or Etats-Unis F
100%
Tokyo Natation - 100 m brasse Bronze Etats-Unis F
100%
Tokyo Natation - 100 m dos Bronze Etats-Unis F
100%
Tokyo Natation - 1500 m nage libre Or Etats-Unis F
100%
Tokyo Natation - 1500 m nage libre Argent Etats-Unis F
100%
Tokyo Natation - 200 m 4 nages Argent Etats-Unis F
100%
Tokyo Natation - 200 m 4 nages Bronze Etats-Unis F
100%
Tokyo Natation - 200 m brasse Argent Etats-Unis F
100%
Tokyo Natation - 200 m brasse Bronze Etats-Unis F
100%
Tokyo Natation - 200 m papillon Argent Etats-Unis F
100%
Tokyo Natation - 200 m papillon Bronze Etats-Unis F
100%
Tokyo Natation - 4 x 100 m 4 nages Argent Etats-Unis F
100%
Tokyo Natation - 4 x 100 m nage libre Bronze Etats-Unis F
100%
Tokyo Natation - 4 x 200 m nage libre Argent Etats-Unis F
100%
Tokyo Natation - 400 m 4 nages Argent Etats-Unis F
100%
Tokyo Natation - 400 m 4 nages Bronze Etats-Unis F
100%
Tokyo Natation - 400 m nage libre Argent Etats-Unis F
100%
Tokyo Natation - 800 m nage libre Or Etats-Unis F
100%
Tokyo Plongeon - Haut-vol à 10 m synchronisé Argent Etats-Unis F
100%
Tokyo Plongeon - Tremplin à 3 m Bronze Etats-Unis F
100%
Tokyo Surf - Shortboard Or Etats-Unis F
100%
Tokyo Taekwondo - Moins 57 kg Or Etats-Unis F
100%
Tokyo Tir - Fusil de chasse - Fosse olympique Argent Etats-Unis F
100%
Tokyo Tir - Fusil de chasse - Skeet Or Etats-Unis F
100%
Tokyo Triathlon Argent Etats-Unis F
100%
Tokyo Volley-ball Or Etats-Unis F
100%
Tokyo Water-polo Or Etats-Unis F
100%
Tokyo Lutte - Moins de 57 kg Bronze Etats-Unis | Bulgarie F
100%
Tokyo Judo - Moins de 52 kg Bronze Etats-Unis | Italie F
100%
Paris Handball Argent France F
100%
Paris Natation - 1500 m nage libre Argent France F
100%
Paris Pentathlon moderne Argent France F
100%
Paris Surf - Shortboard Bronze France F
100%
Paris Taekwondo - Moins 67 kg Or France F
100%
Paris Taekwondo - Plus de 67 kg Or France F
100%
Paris Tir - Pistolet - à 25 m Argent France F
100%
Paris Tir à l'arc - Individuel Bronze France F
100%
Paris Triathlon Or France F
100%
Paris Voile - 49er FX Bronze France F
100%
Tokyo Handball Or France F
100%
Tokyo Judo - Moins de 52 kg Argent France F
100%
Tokyo Judo - Moins de 57 kg Argent France F
100%
Tokyo Judo - Moins de 63 kg Or France F
100%
Tokyo Judo - Moins de 78 kg Argent France F
100%
Tokyo Rugby à VII Argent France F
100%
Tokyo Triathlon Bronze France F
100%
Tokyo Voile - RS:X Argent France F
100%
Paris Judo - Moins de 63 kg Bronze France | Kosovo F
100%
Tokyo Taekwondo - Plus de 67 kg Bronze France | Royaume-Uni F
100%
Paris Judo - Moins de 48 kg Bronze France | Suède F
100%
Tokyo Judo - Moins de 63 kg Bronze Italie | Canada F
100%
Paris Judo - Moins de 48 kg Or Japon F
100%
Paris Lutte - Moins de 53 kg Or Japon F
100%
Paris Lutte - Moins de 57 kg Or Japon F
100%
Paris Lutte - Moins de 62 kg Or Japon F
100%
Paris Lutte - Moins de 76 kg Or Japon F
100%
Paris Skateboard - Park Argent Japon F
100%
Paris Skateboard - Street Or Japon F
100%
Paris Skateboard - Street Argent Japon F
100%
Paris Tennis de table - Par équipes Argent Japon F
100%
Paris Tennis de table - Simple Bronze Japon F
100%
Tokyo Golf Argent Japon F
100%
Tokyo Haltérophilie - Moins 59 kg Bronze Japon F
100%
Tokyo Judo - Moins de 48 kg Argent Japon F
100%
Tokyo Judo - Moins de 52 kg Or Japon F
100%
Tokyo Judo - Moins de 70 kg Or Japon F
100%
Tokyo Judo - Moins de 78 kg Or Japon F
100%
Tokyo Judo - Plus de 78 kg Or Japon F
100%
Tokyo Lutte - Moins de 50 kg Or Japon F
100%
Tokyo Lutte - Moins de 53 kg Or Japon F
100%
Tokyo Lutte - Moins de 57 kg Or Japon F
100%
Tokyo Lutte - Moins de 62 kg Or Japon F
100%
Tokyo Natation - 200 m 4 nages Or Japon F
100%
Tokyo Natation - 400 m 4 nages Or Japon F
100%
Tokyo Skateboard - Park Or Japon F
100%
Tokyo Skateboard - Park Argent Japon F
100%
Tokyo Skateboard - Street Or Japon F
100%
Tokyo Skateboard - Street Bronze Japon F
100%
Tokyo Surf - Shortboard Bronze Japon F
100%
Tokyo Tennis de table - Par équipes Argent Japon F
100%
Tokyo Tennis de table - Simple Bronze Japon F
100%
Paris Lutte - Moins de 50 kg Bronze Japon | Chine F
100%
Paris Judo - Moins de 57 kg Bronze Japon | France F
100%
Tokyo Gymnastique artistique - Sol Bronze Japon | Russie F
100%
Tokyo Judo - Moins de 70 kg Bronze Russie | Pays-Bas F
100%
Paris Taekwondo - Moins 67 kg Bronze Turquie | Corée-du-Sud F
100%
Paris Lutte - Moins de 68 kg Bronze Turquie | Japon F
100%
Paris Gymnastique artistique - Barres asymétriques Or Algérie F
86%
Paris Hockey-sur-gazon Bronze Argentine F
86%
Tokyo Hockey-sur-gazon Argent Argentine F
86%
Tokyo Gymnastique artistique - Barres asymétriques Or Belgique F
86%
Paris Plongeon - Haut-vol à 10 m Bronze Corée-du-Nord F
86%
Paris Plongeon - Haut-vol à 10 m synchronisé Argent Corée-du-Nord F
86%
Tokyo Taekwondo - Moins 49 kg Bronze Israël | Serbie F
86%
Paris Lutte - Moins de 62 kg Bronze Kirghizistan | Norvège F
86%
Paris Judo - Moins de 63 kg Argent Mexique F
86%
Paris Tir à l'arc - Par équipes Bronze Mexique F
86%
Tokyo Plongeon - Haut-vol à 10 m synchronisé Bronze Mexique F
86%
Paris Handball Or Norvège F
86%
Paris Voile - Dériveur - ILCA 6 Bronze Norvège F
86%
Tokyo Handball Bronze Norvège F
86%
Paris Golf Or Nouvelle-Zélande F
86%
Paris Rugby à VII Or Nouvelle-Zélande F
86%
Tokyo Golf Bronze Nouvelle-Zélande F
86%
Tokyo Rugby à VII Or Nouvelle-Zélande F
86%
Paris Hockey-sur-gazon Or Pays-Bas F
86%
Paris Natation - 10 km en eau libre Or Pays-Bas F
86%
Paris Natation - 200 m brasse Bronze Pays-Bas F
86%
Paris Natation artistique - Duo Bronze Pays-Bas F
86%
Paris Voile - 49er FX Or Pays-Bas F
86%
Paris Voile - Dériveur - ILCA 6 Or Pays-Bas F
86%
Paris Water-polo Bronze Pays-Bas F
86%
Tokyo Hockey-sur-gazon Or Pays-Bas F
86%
Tokyo Natation - 10 km en eau libre Argent Pays-Bas F
86%
Tokyo Voile - 49er FX Bronze Pays-Bas F
86%
Tokyo Voile - Dériveur - ILCA 6 Bronze Pays-Bas F
86%
Paris Natation artistique - Duo Argent Royaume-Uni F
86%
Paris Plongeon - Haut-vol à 10 m synchronisé Bronze Royaume-Uni F
86%
Paris Plongeon - Tremplin à 3 m synchronisé Bronze Royaume-Uni F
86%
Paris Skateboard - Park Bronze Royaume-Uni F
86%
Paris Tir - Fusil de chasse - Skeet Argent Royaume-Uni F
86%
Paris Trampoline Or Royaume-Uni F
86%
Paris Triathlon Bronze Royaume-Uni F
86%
Paris Voile - IQFoil Bronze Royaume-Uni F
86%
Tokyo Gymnastique artistique - Concours général par équipes Bronze Royaume-Uni F
86%
Tokyo Hockey-sur-gazon Bronze Royaume-Uni F
86%
Tokyo Pentathlon moderne Or Royaume-Uni F
86%
Tokyo Skateboard - Park Bronze Royaume-Uni F
86%
Tokyo Taekwondo - Moins 67 kg Argent Royaume-Uni F
86%
Tokyo Trampoline Bronze Royaume-Uni F
86%
Tokyo Triathlon Or Royaume-Uni F
86%
Tokyo Voile - RS:X Bronze Royaume-Uni F
86%
Tokyo Taekwondo - Moins 57 kg Bronze Russie | Turquie F
86%
Paris Natation - 100 m nage libre Or Suède F
86%
Paris Natation - 50 m nage libre Or Suède F
86%
Paris Voile - 49er FX Argent Suède F
86%
Tokyo Football Argent Suède F
86%
Tokyo Natation - 50 m nage libre Argent Suède F
86%
Tokyo Voile - Dériveur - ILCA 6 Argent Suède F
86%
Tokyo Judo - Moins de 70 kg Argent Autriche F
71%
Tokyo Lutte - Moins de 53 kg Bronze Biélorussie | Mongolie F
71%
Tokyo Lutte - Moins de 62 kg Bronze Bulgarie | Ukraine F
71%
Paris Taekwondo - Moins 49 kg Bronze Croatie | Iran F
71%
Paris Handball Bronze Danemark F
71%
Paris Voile - Dériveur - ILCA 6 Argent Danemark F
71%
Tokyo Natation - 50 m nage libre Bronze Danemark F
71%
Tokyo Voile - Dériveur - ILCA 6 Or Danemark F
71%
Paris Pentathlon moderne Or Hongrie F
71%
Paris Tir - Pistolet - à 25 m Bronze Hongrie F
71%
Tokyo Pentathlon moderne Bronze Hongrie F
71%
Tokyo Water-polo Bronze Hongrie F
71%
Paris Tir - Pistolet - Air comprimé à 10 m Bronze Inde F
71%
Tokyo Haltérophilie - Moins 49 kg Argent Inde F
71%
Paris Judo - Moins de 78 kg Argent Israël F
71%
Paris Judo - Plus de 78 kg Argent Israël F
71%
Paris Voile - IQFoil Argent Israël F
71%
Paris Gymnastique artistique - Concours général par équipes Argent Italie F
71%
Paris Gymnastique artistique - Poutre Or Italie F
71%
Paris Gymnastique artistique - Poutre Bronze Italie F
71%
Paris Judo - Moins de 78 kg Or Italie F
71%
Paris Natation - 10 km en eau libre Bronze Italie F
71%
Paris Tennis - Double Or Italie F
71%
Paris Tir - Fusil de chasse - Fosse olympique Argent Italie F
71%
Paris Voile - IQFoil Or Italie F
71%
Paris Volley-ball Or Italie F
71%
Tokyo Gymnastique artistique - Sol Argent Italie F
71%
Tokyo Natation - 800 m nage libre Bronze Italie F
71%
Tokyo Tir - Fusil de chasse - Skeet Argent Italie F
71%
Tokyo Tir à l'arc - Individuel Bronze Italie F
71%
Tokyo Lutte - Moins de 68 kg Bronze Kirghizistan | Ukraine F
71%
Paris Taekwondo - Moins 67 kg Argent Ouzbékistan F
71%
Paris Taekwondo - Plus de 67 kg Argent Ouzbékistan F
71%
Paris Judo - Moins de 52 kg Or Ouzbékistan F
71%
Paris Tennis - Simple Bronze Pologne F
71%
Tokyo Gymnastique artistique - Barres asymétriques Argent Russie F
71%
Tokyo Gymnastique artistique - Concours général individuel Bronze Russie F
71%
Tokyo Gymnastique artistique - Concours général par équipes Or Russie F
71%
Tokyo Haltérophilie - Moins 59 kg Or Russie F
71%
Tokyo Handball Argent Russie F
71%
Tokyo Natation artistique - Duo Or Russie F
71%
Tokyo Natation artistique - Par équipes Or Russie F
71%
Tokyo Taekwondo - Moins 57 kg Argent Russie F
71%
Tokyo Tir - Carabine - 3 positions à 50 m Argent Russie F
71%
Tokyo Tir - Carabine - 3 positions à 50 m Bronze Russie F
71%
Tokyo Tir - Carabine - Air comprimé à 10 m Argent Russie F
71%
Tokyo Tir - Pistolet - à 25 m Or Russie F
71%
Tokyo Tir - Pistolet - Air comprimé à 10 m Or Russie F
71%
Tokyo Tir à l'arc - Individuel Argent Russie F
71%
Tokyo Tir à l'arc - Par équipes Argent Russie F
71%
Tokyo Taekwondo - Plus de 67 kg Or Serbie F
71%
Tokyo Volley-ball Bronze Serbie F
71%
Tokyo Tir - Fusil de chasse - Fosse olympique Or Slovaquie F
71%
Paris Judo - Moins de 63 kg Or Slovénie F
71%
Tokyo Judo - Moins de 63 kg Argent Slovénie F
71%
Paris Haltérophilie - Moins 49 kg Bronze Thaïlande F
71%
Paris Taekwondo - Moins 49 kg Or Thaïlande F
71%
Tokyo Taekwondo - Moins 49 kg Or Thaïlande F
71%
Paris Lutte - Moins de 62 kg Argent Ukraine F
71%
Tokyo Natation artistique - Duo Bronze Ukraine F
71%
Tokyo Natation artistique - Par équipes Bronze Ukraine F
71%
Tokyo Tennis - Simple Bronze Ukraine F
71%
Tokyo Judo - Moins de 48 kg Bronze Ukraine | Mongolie F
71%
Paris Natation - 100 m brasse Or Afrique-du-Sud F
57%
Paris Natation - 200 m brasse Argent Afrique-du-Sud F
57%
Tokyo Natation - 100 m brasse Argent Afrique-du-Sud F
57%
Tokyo Natation - 200 m brasse Or Afrique-du-Sud F
57%
Tokyo Surf - Shortboard Argent Afrique-du-Sud F
57%
Tokyo Lutte - Moins de 57 kg Argent Biélorussie F
57%
Tokyo Tir - Pistolet - Air comprimé à 10 m Argent Bulgarie F
57%
Paris Tir - Fusil de chasse - Skeet Or Chili F
57%
Paris Lutte - Moins de 76 kg Bronze Colombie | Cuba F
57%
Tokyo Taekwondo - Moins 67 kg Bronze Côte d'ivoire | Egypte F
57%
Tokyo Haltérophilie - Moins 49 kg Bronze Indonésie F
57%
Paris Taekwondo - Moins 57 kg Argent Iran F
57%
Paris Natation - 100 m brasse Bronze Irlande F
57%
Paris Judo - Moins de 52 kg Argent Kosovo F
57%
Tokyo Judo - Moins de 48 kg Or Kosovo F
57%
Tokyo Judo - Moins de 57 kg Or Kosovo F
57%
Tokyo Pentathlon moderne Argent Lituanie F
57%
Paris Lutte - Moins de 57 kg Argent Moldavie F
57%
Paris Judo - Moins de 48 kg Argent Mongolie F
57%
Tokyo Lutte - Moins de 68 kg Argent Nigeria F
57%
Paris Haltérophilie - Moins 49 kg Argent Roumanie F
57%
Paris Tir - Carabine - 3 positions à 50 m Or Suisse F
57%
Paris Tir - Carabine - Air comprimé à 10 m Bronze Suisse F
57%
Paris Triathlon Argent Suisse F
57%
Tokyo Tennis - Double Argent Suisse F
57%
Tokyo Tennis - Simple Or Suisse F
57%
Tokyo Tir - Carabine - 3 positions à 50 m Or Suisse F
57%
Tokyo Tir - Carabine - Air comprimé à 10 m Bronze Suisse F
57%
Paris Haltérophilie - Moins 59 kg Bronze Taïwan F
57%
Tokyo Tennis - Double Or Tchéquie F
57%
Tokyo Tennis - Simple Argent Tchéquie F
57%
Tokyo Haltérophilie - Moins 59 kg Argent Turkménistan F
57%
Paris Judo - Moins de 70 kg Or Croatie F
43%
Paris Tennis - Simple Argent Croatie F
43%
Tokyo Taekwondo - Moins 67 kg Or Croatie F
43%
Paris Lutte - Moins de 50 kg Argent Cuba F
43%
Tokyo Judo - Plus de 78 kg Argent Cuba F
43%
Paris Lutte - Moins de 68 kg Argent Kirghizistan F
43%
Tokyo Lutte - Moins de 62 kg Argent Kirghizistan F
43%
Tokyo Lutte - Moins de 76 kg Argent Kirghizistan F
43%
Paris Lutte - Moins de 53 kg Argent Equateur F
29%
Tokyo Rugby à VII Bronze Fidji F
29%
Paris Tir - Fusil de chasse - Fosse olympique Or Guatemala F
29%
Paris Natation - 100 m nage libre Bronze Hong-Kong F
29%
Paris Natation - 200 m nage libre Bronze Hong-Kong F
29%
Tokyo Natation - 100 m nage libre Argent Hong-Kong F
29%
Tokyo Natation - 200 m nage libre Argent Hong-Kong F
29%
Tokyo Tennis de table - Par équipes Bronze Hong-Kong F
29%
Paris Tennis - Double Argent Neutres F
29%
Paris Trampoline Argent Neutres F
29%
Tokyo Tir - Fusil de chasse - Fosse olympique Bronze Saint-Marin F
0%
Aucun quiz correspondant
Distribution des résultats
% des personnes avec chaque résultat
Percentile par nombre de réponses
Votre historique - résultats
Vous n’avez pas pris ce quiz